Zastrieľanie a opravovanie účinnej streľby delostrelectva v súlade so štandardami NATO v podmienkach OS SR - spracovanie pravouhlých opráv na mieste riadenia paľby = Application of NATO procedures for adjustment of ground based artillery fire in the armed forces of the Slovac Republic - target grid corrections processing at the fire direction centre

Bibliographic Details
Main Authors: Vajda, Michal (Author), Demeter, Tomáš (Author)
Format: Article
Language:Slovak
PhysicalDescription:Grafy
ISSN:1336-9202 (online)
Subjects:
Online Access:http://ak.aos.sk/images/repozitar/vr/vr_2_2022/vr_2_2022_7_Vajda.pdf

MARC

LEADER 00000nab a2200000 4500
001 vtls012196961
003 SK-MaSNL
005 20260303162249.0
008 230228 2022 xo 000 0 slo
015 |a SNBRA2022/02  |2 lmaosk 
040 |a LMAOSK  |b slo  |e rda 
041 0 |a slo 
043 |a e-xo--- 
044 |a xo  |c SK 
072 7 |a 355/359  |x Vojenstvo. Obrana krajiny. Ozbrojené sily  |2 konspekt 
080 |a (046)  |2 2011 
080 |a 358.1  |2 2011 
100 1 |a Vajda, Michal  |4 aut  |9 271469 
245 1 0 |a Zastrieľanie a opravovanie účinnej streľby delostrelectva v súlade so štandardami NATO v podmienkach OS SR - spracovanie pravouhlých opráv na mieste riadenia paľby =  |b Application of NATO procedures for adjustment of ground based artillery fire in the armed forces of the Slovac Republic - target grid corrections processing at the fire direction centre  |c Michal Vajda, Tomáš Demeter 
246 3 1 |a Application of NATO procedures for adjustment of ground based artillery fire in the armed forces of the Slovac Republic - target grid corrections processing at the fire direction centre 
300 |b Grafy 
336 |a text  |b txt  |2 rdacontent 
337 |a bez média  |b n  |2 rdamedia 
338 |a zväzok  |b nc  |2 rdacarrier 
504 |a Obsahuje bibliografiu 
504 |a Obsahuje bibliografické odkazy 
546 |a Súbežný názov v angličtine 
650 0 7 |a vojenstvo  |2 SNKPH  |9 22591 
650 0 7 |a obrana štátu  |2 SNKPH  |9 15422 
650 0 7 |a delostrelectvo  |2 SNKPH  |9 78566 
650 0 7 |a delostrelecká paľba  |2 SNKPH  |9 132728 
650 0 7 |a nepriama paľba  |2 LMAOSK  |9 1185706 
650 0 7 |a úpravy paľby  |2 LMAOSK  |9 1185707 
650 0 7 |a korekcie cieľovej mriežky  |2 LMAOSK  |9 1185708 
655 7 |a články  |2 SNKPH  |9 70601 
700 1 |a Demeter, Tomáš  |4 aut  |9 1185709 
773 0 |t Vojenské reflexie  |g Roč. XVII, č. 2 (2022), s. 107-117  |x 1336-9202 (online) 
852 |a LMAOSK  |b KIS3GCP 
856 4 2 |u http://ak.aos.sk/images/repozitar/vr/vr_2_2022/vr_2_2022_7_Vajda.pdf 
856 7 2 |2 https://doi.org/10.52651/vr.a.2022.2.107-117 
958 |a NB 
999 |c 2052849  |d 2054779